|
|
|
|
| LEADER |
00000nam0a2200000 4500 |
| 001 |
327012 |
| 005 |
20231102003922.0 |
| 035 |
|
|
|a (RuTPU)RU\TPU\book\352672
|
| 090 |
|
|
|a 327012
|
| 100 |
|
|
|a 20170124d1969 km y0rusy50 ca
|
| 101 |
0 |
|
|a rus
|
| 102 |
|
|
|a RU
|
| 105 |
|
|
|a a z 001zy
|
| 200 |
1 |
|
|a Разрушение горных пород проходческими комбайнами. Разрушение шарошками
|f Л. И. Барон, Л. Б. Глатман, С. Л. Загорский
|
| 210 |
|
|
|a Москва
|c Наука
|d 1969
|
| 215 |
|
|
|a 151 с.
|c ил.
|
| 320 |
|
|
|a Библиогр.: с. 146-148
|
| 606 |
1 |
|
|a Горные породы
|x Разрушение при добыче
|2 stltpush
|3 (RuTPU)RU\TPU\subj\7970
|9 35475
|
| 606 |
1 |
|
|a Проходческие комбайны
|x Рабочие органы
|x Режим работы
|2 stltpush
|3 (RuTPU)RU\TPU\subj\53040
|9 71392
|
| 610 |
1 |
|
|a штыревые шарошки
|
| 610 |
1 |
|
|a зубчатые шарошки
|
| 610 |
1 |
|
|a шарошечное бурение
|
| 610 |
1 |
|
|a шарошечные инструменты
|
| 610 |
1 |
|
|a параметры
|
| 610 |
1 |
|
|a влияние
|
| 610 |
1 |
|
|a усилия
|
| 610 |
1 |
|
|a неравномерность
|
| 610 |
1 |
|
|a оценка
|
| 610 |
1 |
|
|a силовые показатели
|
| 610 |
1 |
|
|a энергетические показатели
|
| 610 |
1 |
|
|a расчеты
|
| 610 |
1 |
|
|a дисковые шарошки
|
| 610 |
1 |
|
|a износ
|
| 675 |
|
|
|a 622.23.02
|v 4
|
| 675 |
|
|
|a 622.232.83
|v 4
|
| 700 |
|
1 |
|a Барон
|b Л. И.
|g Лазарь Израилевич
|
| 701 |
|
1 |
|a Глатман
|b Л. Б.
|g Леопольд Борисович
|
| 701 |
|
1 |
|a Загорский
|b С. Л.
|g Сергей Львович
|
| 801 |
|
1 |
|a RU
|b 63413507
|c 20170124
|
| 801 |
|
2 |
|a RU
|b 63413507
|c 20170125
|g RCR
|
| 942 |
|
|
|c BK
|